000
00326 a2200109 4500
001
ART_7634
005
20260410161722.0
008
260409a
245
1
0
_a
Polarización, desarrollo e integración
100
1
_a
Coraggio, José Luis
773
0
_t
Revista de la integración
_g
- Nº 13 (may. 1973)
_w
REV1815
999
_c
17050
_d
17050